000
00306nam a2200121Ia 4500
008
220217s9999||||xx |||||||||||||| ||und||
082
_a
894.814 3 BHI
100
_a
Bhairappa, S.L
245
0
_a
Gruha Bhanga
260
_a
Sahithya Bhandara
_b
Bangalre
_c
2007
300
_b
250
650
_a
GENERAL BOOKS
999
_c
175167
_d
175167